| 000 | 00853cam a22002655a 4500 | ||
|---|---|---|---|
| 001 | E147916 | ||
| 008 | 090701s2008 xxk f 000 0 eng d | ||
| 020 | _a9781847981257 | ||
| 035 | _a(Sirsi) u147916 | ||
| 041 | _aeng | ||
| 050 | _a657.3 $2 18 | ||
| 110 | 2 |
_aAccounting Standards Board _93454 |
|
| 245 | 0 | 0 |
_aAmendment to FRS 8, related party disclosures _blegal changes 2008 |
| 260 |
_aKingston _bASB _c2008 |
||
| 300 |
_a28p. _c21cm. |
||
| 350 | _a3 | ||
| 490 | 0 | _aASB Financial Reporting Standard | |
| 520 | _aAmends FRS 8 to take account of "The Large and Medium-sized Companies and Groups (Accounts and Reports) Regulations 2008. | ||
| 521 | _aExpert | ||
| 590 | _aKA | ||
| 650 | 2 | 4 | _aFRS8 |
| 651 | 4 |
_aUnited Kingdom _y |
|
| 690 | _aMANAGEMENT-BUSINESS MANAGEMENT-FINANCIAL MANAGEMENT-ACCOUNTING-FINANCIAL REPORTING | ||
| 942 | _n0 | ||
| 999 |
_c109787 _d109787 |
||